Statistics for WWE Finishers

Click here to take the quiz!

General Stats

  • This quiz has been taken 72 times
  • The average score is 54 of 102

Answer Stats

HintAnswer% Correct
Rey Mysterio619
98%
CM PunkGTS
95%
Kurt AngleAnkle Lock
93%
BatistaBatista Bomb
93%
John CenaAttitude Adjustment
90%
KaneChokeslam
88%
UndertakerTombstone
88%
Brock LesnarF5
86%
The RockRock Bottom
86%
Shawn MichaelsSweet Chin Music
86%
Dolph ZigglerZig Zag
86%
Hulk HoganAtomic Leg Drop
83%
Seth Rollins | Triple HPedigree
83%
GoldbergSpear
83%
Stone ColdStunner
83%
Big EBig Ending
81%
Edge | Roman ReignsSpear
81%
AJ StylesStyles Clash
81%
Jeff HardySwanton Bomb
81%
Chris JerichoCode Breaker
79%
Randy OrtonRKO
76%
Bret Hart | Natalya | Tyson KiddSharpshooter
76%
The MizSkull Crushing Finale
76%
Kofi KingstonTrouble in Paradise
76%
Dean AmbroseDirty Deeds
74%
Eddie GuerreroFrog Splash
74%
Daniel BryanRunning Knee
74%
Bray WyattSister Abigail
74%
Sasha BanksBank Statement
71%
ChristianKill Switch
71%
Kevin OwensPopup Powerbomb
71%
Matt HardyTwist of Fate
71%
Dudley Boyz3D
69%
Baron CorbinEnd of Days
69%
Big ShowKO Punch
69%
Justin Gabriel450 Splash
67%
Finn BalorCoup de Grace
67%
SheamusBrogue Kick
64%
Sami ZaynHelluva Kick
64%
RusevThe Accolade
64%
Mark HenryWorlds Strongest Slam
62%
Ric FlairFigure Four Leg Lock
60%
AJ LeeBlack Widow
57%
Gallows and AndersonMagic Killer
57%
Mick Foley/Cactus Jack/ Mankind/ Dude LoveMandible
57%
NevilleRed Arrow
57%
Brie BellaYes Lock
57%
BayleyBayley to Belly
55%
Samoa JoeMuscle Buster
55%
CesaroNeutralizer
55%
Booker TScissors Kick
55%
Stardust/Cody RhodesCross Rhodes
52%
Nikki BellaRack Attack
52%
Wade BarrettBull Hammer
50%
RhynoGore
50%
PaigeRam Paige
50%
Razor RamonRazor's Edge
50%
Zack RyderRough Ryder
50%
New DayMidnight Hour
48%
RybackShellshocked
48%
Alexa BlissTwisted Bliss
48%
Carlito | The ColonsBackstabber
45%
Bo DallasBo Dog
45%
GoldustFinal Cut
45%
Kevin Nash/ DieselJackknife Powerbomb
45%
Mr. PerfectPerfectPlex
45%
Ted DiBiase JrDream Street
43%
R-TruthLil Jimmy
40%
James EllsworthNo Chin Music
38%
KalistoSalida Del Sol
38%
Luke HarperDiscus Clothesline
33%
Cedric AlexanderLumbar Check
31%
Ted DiBiaseMillion Dollar Dream
31%
Tyler BreezeBeauty Shot
26%
YokozunaBonzai Drop
26%
UsosDouble Superfly Splash
24%
Sin CaraSenton Bomb
24%
The Hart DynastyHart Attack
21%
Darren YoungGut Check
19%
Heath SlaterSmash Hit
19%
Mojo RawleyHyper Drive
17%
Apollo CrewsSpinout Powerbomb
17%
American AlphaGrand Amplitude
14%
Curtis AxelAxehole
12%
Austin AriesBrainbuster
12%
Enzo and CassBadaboom Shakalaka
10%
Shinsuke NakamuraKinsasha
10%
The Brian KendrickSliced Bread #2
10%
Braun StrowmanYokozuna Cutter
10%
Noam DarChampagne Superkneebar
7%
William RegalKnee Trembler
7%
FandangoFalcon Arrow
5%
Enzo AmoreAir Enzo
2%
Jack GallagherGentleman's Dropkick
2%
Alicia FoxWatch Yo Face
2%
D-Generation XX-Mark
2%
Big CassEmpires Elbow
0%

Score Distribution

Percentile by Number Answered

Percent of People with Each Score

Your Score History

You have not taken this quiz